000
00279nam a2200121Ia 4500
008
190216s9999||||xx |||||||||||||| ||und||
100
_a
Uday Prakash
245
0
_a
Hindi - Dhathathrey Ka Dhukh
260
_b
Sabda Shristi
_c
2002
300
_a
190
650
_a
Hindi
942
_c
BK
999
_c
16155
_d
16155